000 00706nam a22001577a 4500
003 OSt
005 20150921151738.0
008 150921b xxu||||| |||| 00| 0 eng d
040 _cRUA
082 _aAGR NUO 2008 B035 Or.1
100 _91020
_aNUON PHYROM
245 _acomparison of lettuce varieties and spacing on crop station of royal university of agriculture,(ការប្រៀបធៀបចន្លោះគុម្ព និងពូជសាលាដនៅក្នុង ស្ថានីយ៍ដំណាំ នៃសាកលវិទ្យាល័យភូមិន្ទកសិកម្ម)
260 _aphnom penh
_bRUA
_c2008
300 _ax,42p.
_cill.
_g29cm.
942 _2ddc
_cAGR
999 _c979
_d979